[Event "Romanian Team Rapid Open 2022"]
[Site "Sebes"]
[Date "2022.12.03"]
[Round "1.1"]
[White "Lupulescu, Constantin"]
[Black "Nastase, Robert-Paul"]
[Result "1-0"]
[WhiteElo "2591"]
[BlackElo "2229"]
[Annotator "TA"]
[PlyCount "65"]
[EventDate "2022.12.03"]
[EventType "rapid"]
[EventCountry "ROU"]
[SourceTitle "playchess.com"]
[Source "ChessBase"]
[SourceQuality "1"]

{[%evp 12,65,39,39,64,73,82,86,80,76,89,54,51,45,102,103,108,95,108,90,84,74,74,72,90,81,195,184,233,64,208,203,224,214,198,207,203,212,199,204,609,595,647,657,655,650,650,643,642,636,628,628,825,807,29966,5959]} 1. c4 Nf6 2. Nc3 g6 3. e4 d6 4. d4 Bg7 5. Be2 O-O 6. Be3 e5 7. d5 Ne8 {E73: King's Indian: Averbakh Variation without 6...c5.} 8. g4 {White is more active.} f5 9. gxf5 gxf5 {White is better.} 10. exf5 Bxf5 11. Bg4 $5 {[%mdl 4] Exploring less charted territory.} Qh4 {[#]} 12. h3 $146 ({Predecessor:} 12. Bxf5 Rxf5 13. Qd3 Rf7 14. Nge2 Na6 15. Ne4 Bh6 16. Rg1+ Rg7 17. O-O-O Nc5 18. Nxc5 dxc5 19. Rxg7+ Kxg7 {1-0 (58) Sirosh,I (2405)-Pavlov,D (2348) Chess.com INT 2020}) 12... Bxg4 (12... e4 $14) 13. Qxg4 $16 Qxg4 14. hxg4 Nd7 {[%cal Oe5e4,Bb8d7,Bd7e5,Be5c4][%mdl 32]} 15. Nge2 {Inhibits e4.} e4 16. O-O-O Ne5 {[%csl LRc4,LRg4]} 17. Nxe4 Nxc4 18. Bd4 Nf6 {[#]} (18... Bxd4 $16 19. Nxd4 (19. Rxd4 Ne5 $14) 19... Rf4) 19. Ng5 $1 $18 {Ne6 is the strong threat.} Rfe8 {[#]} (19... Rae8 $142) 20. Nc3 $2 (20. Ng3 $1 $18 {[%cal Rg3f5]}) 20... Bh8 {This move loses the game for Black.} (20... c5 $14 21. Bxf6 (21. dxc6 bxc6 22. Rd3 d5 $14) 21... Bxf6) 21. Ne6 Rac8 22. g5 {Inhibits c6.} ({Inferior is} 22. Bxa7 Nxd5 23. Rxd5 Rxe6 $15) 22... Nxd5 23. Nxd5 Rxe6 24. Bxh8 (24. Bxa7 Bxb2+ 25. Kc2 b5 $17) 24... Kxh8 25. Rh4 Ne5 $2 (25... Nb6) 26. Rdh1 h6 27. Nf4 ({Worse is} 27. gxh6 c6 28. Nf4 Rf6 $17) ({Weaker is} 27. Rxh6+ Rxh6 28. Rxh6+ Kg7 $16) 27... Rg6 28. Nxg6+ Nxg6 29. Rxh6+ Kg7 30. Rh7+ Kg8 31. R1h6 Nf8 32. Re7 {aiming for f4.} d5 33. f4 {Weighted Error Value: White=0.14 (very precise) /Black=0.83} 1-0

[Event "Romanian Team Rapid Open 2022"]
[Site "Sebes"]
[Date "2022.12.03"]
[Round "1.2"]
[White "Daianu, Cristian-Clement"]
[Black "Jianu, Vlad-Cristian"]
[Result "0-1"]
[WhiteElo "2189"]
[BlackElo "2516"]
[Annotator "TA"]
[PlyCount "44"]
[EventDate "2022.12.03"]
[EventType "rapid"]
[EventCountry "ROU"]
[SourceTitle "playchess.com"]
[Source "ChessBase"]
[SourceQuality "1"]

{[%evp 11,44,27,27,0,0,-10,0,7,11,-34,-22,-43,-24,-95,-20,-27,-26,-69,-64,-83,-80,-111,-138,-127,-67,-91,-96,-86,-54,-285,-280,-277,-278,-716,-695]} 1. e4 c6 2. d4 d5 3. f3 dxe4 4. fxe4 e5 5. Nf3 Bg4 6. Bc4 Nd7 7. O-O {[%cal Oc4f7] [#] Strongly threatening Bxf7+! B12: Caro-Kann: Advance Variation.} ({Much weaker is} 7. dxe5 Bxf3 8. Qxf3 Nxe5 $15) (7. c3 $5 {[%cal Rd1b3]}) 7... Ngf6 $1 8. c3 {Threatens to win with Qb3.} Bd6 9. Nbd2 {[%cal Oc4f7] The position is equal.} Qe7 {[#]} 10. Bb3 $146 ({Predecessor:} 10. a4 O-O 11. a5 c5 12. d5 Nh5 13. h3 Bxf3 14. Qxf3 Nf4 15. Kh2 f5 16. g3 fxe4 17. Nxe4 {½-½ (58) Beerdsen,T (2514)-Lewtak,D (2386) Chess.com INT 2022}) 10... O-O-O ({But not} 10... exd4 11. cxd4 Bc7 12. e5 $14 (12. h3 Bxf3 13. Qxf3 Qd6 $15)) 11. Qe1 Bc7 12. a4 (12. Nc4 $11 {remains equal.}) 12... h6 ({Better is} 12... exd4 $17 13. cxd4 Bxf3 14. Nxf3 Nxe4) 13. a5 $11 a6 14. Bc2 Rhe8 {Black is more active.} 15. b3 Bxf3 16. Ba3 {[#]} Qe6 17. Rxf3 {[%cal Od4d5]} Kb8 (17... exd4 $17 {White must now prevent ...Ne5.} 18. cxd4 c5) 18. h3 exd4 19. cxd4 Bxa5 20. b4 $2 (20. Qf2 $15 Bxd2 21. Qxd2) 20... Bb6 $19 21. Bb2 Ne5 22. Qg3 (22. Rf5) 22... Rxd4 {Weighted Error Value: White=0.71/Black=0.13 (very precise)} 0-1

[Event "Romanian Team Rapid Open 2022"]
[Site "Sebes"]
[Date "2022.12.03"]
[Round "1.3"]
[White "Parligras, Mircea-Emilian"]
[Black "Vrencian, Lehel"]
[Result "1-0"]
[WhiteElo "2567"]
[BlackElo "2226"]
[Annotator "TA"]
[PlyCount "94"]
[EventDate "2022.12.03"]
[EventType "rapid"]
[EventCountry "ROU"]
[SourceTitle "playchess.com"]
[Source "ChessBase"]
[SourceQuality "1"]

{[%evp 18,94,46,33,52,52,46,50,49,47,41,44,33,43,80,77,75,57,66,53,87,45,87,87,87,87,87,87,87,87,87,87,89,57,56,-7,-22,-10,0,-55,-57,-57,-6,-6,-16,-162,-38,-97,-12,-117,5,5,5,5,5,10,379,375,570,407,400,400,400,392,381,247,203,8,14,0,7,0,5210,5183,5109,5116,5102,5102,29979]} 1. d4 Nf6 2. c4 d6 3. Nc3 e5 4. Nf3 Nc6 5. g3 exd4 6. Nxd4 g6 7. Bg2 Bd7 8. b3 Bg7 9. Bb2 O-O 10. O-O Nxd4 {E60: King's Indian: Unusual lines and Fianchetto Variation without Nc3.} 11. Qxd4 Bc6 12. Nd5 {[#]} Bxd5 $146 {White is slightly better.} ({Predecessor:} 12... Ne8 13. Qd2 Nf6 14. Rac1 Re8 15. Rfe1 Rc8 16. e4 Bxd5 17. cxd5 c5 18. dxc6 bxc6 {1-0 (45) Weyrich,M (2278)-Schmidt Brauns,R (2003) Germany 2018}) 13. cxd5 (13. Bxd5 {looks sharper.} Nh5 14. Qd2 Bxb2 15. Qxb2 Rb8 16. Rad1) 13... Ne8 14. Qd2 Bxb2 15. Qxb2 Nf6 16. Rac1 a5 17. Rc2 Nd7 18. a3 {[%cal Ba2a3,Ba3b4][%mdl 32]} Ra6 19. b4 Rb6 20. Qd4 axb4 21. axb4 Nb8 22. Rfc1 {White has more active pieces.} Na6 23. Rc4 Qe8 24. e3 Qa4 {[%cal Rb6b4]} 25. h4 {[%cal Oh4h5]} Rxb4 26. h5 (26. Rxb4 $14 Qxb4 27. Qxb4 Nxb4 28. Rxc7) 26... Rxc4 $11 27. Rxc4 Qd7 (27... Qa5 $2 28. Qf6 gxh5 29. Rf4 $18) 28. h6 (28. Qf6 $1 $11 Qd8 29. Qb2) 28... f6 $1 $15 29. Kh2 Nc5 (29... Qe8 $15) 30. Bh3 $1 $11 Qe7 {Threatening ...f5.} 31. f4 (31. Be6+ $1 $11 Kh8 32. Qc3) 31... b6 (31... f5 $19 32. Rc2 Re8) 32. Rc2 ({White should play} 32. Be6+ $15 Nxe6 33. dxe6) 32... Rf7 (32... f5 $17 {Strongly threatening ...Ra8.} 33. Ra2 b5) 33. Kg1 (33. e4 $11) 33... Qf8 (33... f5 $17 34. Rh2 Qe4 35. Qxe4 Nxe4) 34. Be6 Nxe6 35. dxe6 {[%mdl 4096] Endgame KQR-KQR} Re7 36. Qd5 $36 {[%cal Oc2c7][%mdl 2048] White is pushing.} Qxh6 $2 {[%mdl 8192] [#]} (36... Qc8 $1 $11 {and Black stays safe.}) 37. Rxc7 $1 $18 {[%mdl 64]} Qf8 (37... Rxc7 {might work better.} 38. e7+ (38. Qxd6 {leads to mate.} Rc1+) 38... Kg7 39. e8=N+ (39. e8=B {gets mated.} Rc1+ 40. Kf2 Qh2+ 41. Qg2 Rc2+ 42. Kf3 Qxg2+ 43. Kg4 Qe2+ 44. Kh4 Qh5#) 39... Kh8 40. Nxc7 Qh3 41. Qa8+ (41. Qxd6 Qxg3+ 42. Kh1 Qh3+ 43. Kg1 Qxe3+ 44. Kh2 Qe2+ 45. Kh1 Qf1+ 46. Kh2 Qe2+ 47. Kh1 Qf1+ 48. Kh2 Qe2+ $11) 41... Kg7 42. Ne8+ Kf7 43. Nxd6+ Kg7 44. Qb7+ Kh8 45. Qb8+ Kg7 46. Qb7+ Kh8 47. Qa8+ Kg7 48. Ne8+ Kf7 49. Nd6+ Kg7) 38. Qxd6 Rxc7 39. Qxc7 {[%cal Oc7d7] KQ-KQ} Qe8 40. Qxb6 Kf8 41. Qd6+ Qe7 42. Qb8+ (42. Qd5 $18) 42... Kg7 $11 43. Qc8 {[#] Black must now prevent g4.} f5 44. Qc3+ (44. Kg2 $5) 44... Qf6 $2 {[%mdl 8192]} (44... Kh6 $11) 45. Qd4 $18 {White is clearly winning.} h6 46. Kg2 g5 47. g4 gxf4 {Weighted Error Value: White=0.44/Black=0.42} 1-0

[Event "Romanian Team Rapid Open 2022"]
[Site "Sebes"]
[Date "2022.12.03"]
[Round "1.4"]
[White "Craciun, Sasha-Matei"]
[Black "Gavrilescu, David"]
[Result "0-1"]
[WhiteElo "2001"]
[BlackElo "2523"]
[Annotator "TA"]
[PlyCount "90"]
[EventDate "2022.12.03"]
[EventType "rapid"]
[EventCountry "ROU"]
[SourceTitle "playchess.com"]
[Source "ChessBase"]
[SourceQuality "1"]

{[%evp 9,90,22,27,16,31,0,0,0,12,15,9,-10,15,0,50,39,41,41,42,44,63,61,26,7,17,11,33,6,5,17,33,39,40,0,0,0,37,36,60,58,60,66,85,76,86,43,102,12,167,65,57,63,72,-400,-388,-334,-317,-317,-200,-204,-181,-207,-218,-213,-199,-194,0,0,0,-216,-81,-222,-168,-377,-393,-1349,-1327,-1084,-1077,-1245,-1041,-29985,-29986]} 1. e4 c5 2. Nf3 a6 3. c3 e6 4. d4 d5 5. e5 Bd7 6. a3 {B28: Sicilian: 2 Nf3 a6 (O'Kelly Variation).} Nc6 7. Be2 Nge7 8. b4 {The position is equal.} cxd4 9. cxd4 Nf5 10. O-O Be7 11. Bb2 {[#]} f6 $146 (11... Qb6 $11) ({Predecessor:} 11... O-O 12. Nbd2 b6 13. Rc1 f6 14. Bxa6 Nfxd4 15. Nxd4 Nxd4 16. Bb7 Ra7 17. Bxd5 fxe5 {½-½ (52) Asatryan,M (1574)-Kohout,J (1888) Klatovy 2018}) 12. Bd3 $14 O-O 13. Bxf5 exf5 14. Re1 Be8 15. Qd3 f4 16. Qb3 Bh5 17. Nbd2 Kh8 18. Rac1 Qd7 19. Qd3 Rae8 20. Nb3 Bg6 21. Qd2 Be4 22. Qe2 Qg4 23. Nbd2 Bg6 24. b5 axb5 25. Qxb5 Qd7 {[%cal Oc6e5]} 26. e6 Qd6 27. Nb3 Be4 ({Black should play} 27... Rc8 $14) 28. Nfd2 (28. Qxb7 $6 Nd8 29. Qb5 Nxe6 $11) (28. Nc5 $16 Nd8 29. Nxe4 dxe4 30. Rxe4 Nxe6 31. h3 (31. Qxb7 Rb8 $11)) 28... f3 $2 (28... Qxe6 29. f3 (29. Qxb7 Nd8 $16) 29... f5 30. Qxb7 $16 (30. fxe4 fxe4 31. Kh1 Bd6 $11)) (28... Bf5 $1 $11) 29. Nxf3 (29. gxf3 Bf5 $11) (29. Qxb7 $6 Qf4 30. Re3 (30. Qxc6 Qg4 31. Nxf3 Bxf3 32. g3 Qh3 33. Rf1 Qg2#) (30. Nxe4 dxe4 31. g3 Qf5 $14) 30... Nd8 $14) (29. Nxe4 $18 dxe4 30. Qf5 (30. Rxe4 fxg2 31. Qf5 g6 $16) (30. Qxb7 Qxe6 31. gxf3 Qh3 $11) (30. d5 Ne5 $16)) 29... Bxf3 30. gxf3 Qf4 {Threatens to win with ...Bd6.} 31. Qxb7 $2 {[%mdl 8192] [#]} (31. Qxd5 $16 {is necessary to keep the advantage. Strongly threatening Qh5.} Bd6 32. Qh5) 31... Bd6 $1 $19 32. Qxc6 (32. Rxc6 $2 Qxh2+ 33. Kf1 Qh3+ 34. Ke2 Qxe6+ 35. Kd3 Qxe1 $19) (32. Kf1 Qxh2) 32... Qxh2+ 33. Kf1 {[%cal Bg1f1,Bf1e2,Be2d3,Bd3c2][%mdl 32]} Qh1+ 34. Ke2 Rxe6+ 35. Kd3 ({But not} 35. Kd2 $2 Bf4+ 36. Kd3 (36. Re3 $2 Bxe3+ 37. Ke2 Bxc1+ $19) 36... Qxf3+ $19) 35... Rxe1 {Chess con chili.} ({Weaker is} 35... Qxf3+ 36. Re3 Qf5+ 37. Ke2 $11 (37. Kc3 $2 Rxe3+ 38. fxe3 Rc8 $19)) 36. Rxe1 Qxe1 $40 {[%mdl 128] Black goes for the king.} 37. Qxd6 {[%cal Rd6f8] [#]} Re8 (37... Qf1+ $1 $19 38. Kc2 Rc8+ 39. Nc5 Qxf2+ 40. Kb3 Qxf3+ 41. Ka2 h5) 38. Nd2 $11 Qxf2 {Hoping for ...Qe3+.} 39. Bc3 $2 {[#]} (39. Kc2 $11 {and White has nothing to worry.}) 39... Qe3+ $1 $19 {[%mdl 1024] Black has strong compensation.} 40. Kc2 Rc8 {[%csl LRc3,LRd4]} 41. Qb4 (41. Nb1) 41... h5 {[%cal Bh7h5,Bh5h4][%mdl 32]} 42. Nb1 $2 (42. Kb2) 42... h4 43. Qb7 Qe6 44. Qb5 Qf5+ {[%mdl 64] Deflection} 45. Kb3 Qxb1+ {Weighted Error Value: White=0.74/Black=0.25 (precise)} 0-1

[Event "Romanian Team Rapid Open 2022"]
[Site "Sebes"]
[Date "2022.12.03"]
[Round "1.5"]
[White "Dragomirescu, Robin-Alexandru"]
[Black "Ardelean, George-Catalin"]
[Result "1/2-1/2"]
[WhiteElo "2337"]
[BlackElo "2473"]
[Annotator "TA"]
[PlyCount "110"]
[EventDate "2022.12.03"]
[EventType "rapid"]
[EventCountry "ROU"]
[SourceTitle "playchess.com"]
[Source "ChessBase"]
[SourceQuality "1"]

{[%evp 13,110,0,14,0,0,0,0,0,0,0,0,10,20,0,18,0,0,0,33,6,16,-34,112,79,187,0,2,4,9,0,0,0,0,0,0,0,0,-110,-98,-62,-28,-32,0,0,0,0,0,0,0,-12,0,-12,-12,-12,-12,-12,-12,-12,0,0,0,0,0,0,0,0,0,0,0,0,0,0,0,0,0,0,0,0,0,0,0,0,0,0,0,0,0,0,0,0,0,0,0,0,0,0,0,0,0]} 1. b3 d5 2. Bb2 Nf6 3. Nf3 e6 {[%cal Be7e6,Be6d5][%mdl 32]} 4. e3 c5 5. c4 Nc6 6. cxd5 exd5 7. Bb5 Bd7 8. O-O {A13: English Opening: 1...e6.} Bd6 9. Bxf6 Qxf6 (9... gxf6 10. Nc3 $14) 10. Nc3 O-O 11. Nxd5 Qh6 {[#]} 12. Re1 $146 ({Predecessor:} 12. Be2 Rad8 13. Nc3 Rfe8 14. Re1 Ne5 15. g3 Ng4 16. Bb5 Re5 17. Bxd7 Rxd7 18. Nh4 Nxh2 19. Kxh2 {1-0 (25) Chernyshov,K (2567)-Skytte,R (2388) Marianske Lazne 2012}) 12... Rad8 13. Rc1 Rfe8 14. e4 a6 15. Bxc6 bxc6 16. Nb6 Bg4 {[%cal Od6h2] Strongly threatening ...Bxh2+! This pair of bishops is nice.} 17. h3 {[#]} (17. h4 $11) 17... f5 18. hxg4 (18. e5 {simplifies} Bxf3 19. Qxf3 Bxe5 20. Nc4) 18... fxe4 {[#]} (18... fxg4 $16 19. Nc4 (19. e5 gxf3 20. exd6 fxg2 $11) 19... gxf3 20. Qxf3 Bh2+ 21. Kf1 Bf4) 19. Nc4 $2 exf3 $11 20. Rxe8+ Rxe8 21. Nxd6 (21. Qxf3 $2 {is a self mate.} Qh2+ 22. Kf1 Qh1#) 21... fxg2 $1 {[%mdl 64]} 22. Kxg2 Qxd6 {[%mdl 4096] Endgame KQR-KQR} 23. Qc2 Qd5+ 24. Kh2 (24. Kg1 Re4 25. f3 Rf4 $15) 24... Re2 25. Qc4 (25. Kg3 $11) 25... Rxf2+ $17 ({But not} 25... Rxd2 $6 26. Qxd5+ (26. Qf4 Rxa2 27. b4 Qf7 $17) 26... cxd5 27. Kg3 $15) 26. Kg3 Rxd2 27. Qxd5+ cxd5 (27... Rxd5 {simplifies} 28. Rc4 Kf7 29. Ra4 c4) 28. Rxc5 {The position is equal.} Rxa2 29. Rxd5 $15 {KR-KR} Ra3 30. Rd8+ Kf7 31. Rb8 h6 32. Rb6 Ra5 33. Kf4 Rb5 34. Rxa6 Rb4+ 35. Kf5 g6+ 36. Ke5 $1 Rb5+ 37. Kf4 Rb4+ 38. Ke5 Rb5+ 39. Kf4 Rb4+ 40. Ke5 Rxg4 41. Ra7+ Ke8 42. Kf6 h5 43. b4 {[%cal Bb3b4,Bb4b5,Bb5b6][%mdl 32]} Kd8 44. b5 Kc8 45. Rh7 h4 {And now ...g5 would win.} 46. b6 Kb8 47. Ke5 g5 48. Kd6 Rc4 49. Ke5 Rc3 50. Kd4 Rb3 51. Kc5 Rc3+ 52. Kb5 Rc1 53. Ka6 {Rh8+ is the strong threat.} Ra1+ 54. Kb5 Rc1 55. Ka6 {Hoping for Rh8+.} Ra1+ {Weighted Error Value: White=0.15 (very precise) /Black=0.11 (very precise)} 1/2-1/2

[Event "Romanian Team Rapid Open 2022"]
[Site "Sebes"]
[Date "2022.12.03"]
[Round "1.6"]
[White "Murariu, Andrei"]
[Black "Ionescu, Mihai"]
[Result "1-0"]
[WhiteElo "2493"]
[BlackElo "2243"]
[Annotator "TA"]
[PlyCount "93"]
[EventDate "2022.12.03"]
[EventType "rapid"]
[EventCountry "ROU"]
[SourceTitle "playchess.com"]
[Source "ChessBase"]
[SourceQuality "1"]

{[%evp 16,93,22,26,24,21,29,0,7,-12,-4,0,13,13,6,0,22,15,14,14,41,-1,-17,0,60,61,86,105,124,113,76,95,111,92,155,142,150,156,125,125,117,112,83,19,183,193,172,144,196,193,625,598,642,499,500,500,486,477,535,526,572,558,943,943,931,926,898,895,890,888,6091,5689,29953,29957,6082,6082,29994,29995,29995,1280]} 1. e4 e5 2. Nf3 Nf6 3. Nxe5 d6 4. Nf3 Nxe4 5. Nc3 Nxc3 6. dxc3 Be7 7. Bf4 Nc6 8. Qd2 Be6 9. O-O-O Qd7 {C42: Petroff Defence: 3 Nxe5 and unusual White 3rd moves.} (9... Bxa2 $2 10. b3 $16) 10. Kb1 Bf6 11. Bb5 a6 {The position is equal.} 12. Ba4 b5 13. Bb3 Bxb3 14. axb3 O-O 15. h4 {[#]} a5 $146 ({Predecessor:} 15... Rfe8 16. Bg5 Re6 17. g4 Rae8 18. Be3 Bd8 19. Rdg1 a5 20. Qd5 b4 21. c4 Ne5 {1-0 (40) Rebord,M (2489)-Pietrobono,A (2310) ICCF email 2010}) 16. Bg5 {next Bxf6 is good for White.} (16. Qd3 {seems wilder.} a4 17. Ng5 g6 18. Nxh7 Kxh7 19. h5) 16... Be7 17. Rhe1 a4 18. Qd5 (18. b4 {simplifies} Bxg5 19. Qxg5 Rab8 20. Qd5) 18... axb3 19. cxb3 Rfe8 (19... Bxg5 $11 20. hxg5 b4) 20. Qxb5 $14 {aiming for Nd4.} Ra5 21. Qd3 Rea8 22. b4 {Active counter play!} Ra1+ 23. Kc2 Rxd1 24. Rxd1 {b5 is the strong threat.} (24. Qxd1 {simplifies} Bxg5 25. hxg5 Nd8 26. Nd4) 24... Bf8 ({Black should play} 24... h6) 25. b5 $16 Ne7 {Inhibits Qd5.} 26. Bxe7 Bxe7 27. Re1 Bf6 28. Ng5 g6 29. Qf3 $40 {[%mdl 128] White attacks.} ({White should try} 29. Qd5 $16 Rb8 30. c4) 29... Qf5+ $2 {This costs Black the game.} (29... Re8 $1 $11 {and Black has nothing to worry.} 30. Rxe8+ Qxe8) 30. Qxf5 $18 gxf5 {[%mdl 4096] Endgame KRB-KRN} 31. Re3 Kg7 (31... h6 $16) 32. Rg3 Be5 $2 (32... Bxg5 33. hxg5 (33. Rxg5+ Kf6 $16) 33... Ra4) 33. f4 h6 34. Nf3+ Kf6 35. fxe5+ dxe5 {KRN-KR} 36. Nd2 f4 37. Rd3 Rg8 38. Rd7 Rxg2 39. Rxc7 {Threatens to win with b6.} e4 40. Rc4 e3 41. Rxf4+ Kg6 {[#]} 42. Rd4 $1 f5 {[#] Against b6} (42... Kf5 43. b6) 43. b6 $1 e2 (43... Kf7 44. b7) 44. b7 e1=Q 45. b8=Q {Threatening mate with Qg8+.} ({Worse is} 45. b8=R Kh5 46. Rf8 Qe6 $15) 45... Rg1 46. Qg8+ Kh5 47. Qf7+ {Weighted Error Value: White=0.15 (very precise) /Black=0.59} 1-0

[Event "Romanian Team Rapid Open 2022"]
[Site "Sebes"]
[Date "2022.12.03"]
[Round "1.8"]
[White "Cnejev, Vladimir-Alexandru"]
[Black "Santimbrean, Mihnea-Nicolae"]
[Result "1-0"]
[WhiteElo "2293"]
[BlackElo "1491"]
[Annotator "TA"]
[PlyCount "93"]
[EventDate "2022.12.03"]
[EventType "rapid"]
[EventCountry "ROU"]
[SourceTitle "playchess.com"]
[Source "ChessBase"]
[SourceQuality "1"]

{[%evp 17,93,-31,-25,-36,-23,-6,-12,-26,12,0,38,57,49,48,44,31,54,47,57,14,29,12,14,0,12,0,0,-16,-7,-7,-7,-29,-7,-7,-7,-7,0,-7,-14,-47,-38,-25,7,0,0,-77,-57,-30,136,136,289,0,0,0,734,728,1581,1500,1218,1106,1141,933,1162,1097,2322,2213,4513,1169,2050,1951,2818,2718,29976,29977,29982,29983,29987,29987]} 1. e4 e6 2. d4 d5 3. e5 c5 4. c3 Qb6 5. Nf3 Nc6 6. a3 c4 7. Nbd2 Na5 8. g3 {8.Rb1 is becoming the main line.} Bd7 9. Bg2 O-O-O 10. O-O {C02: French: Advance Variation.} Ne7 11. Rb1 Qc7 {[#]} 12. Ne1 $146 {[%cal Bf3e1,Be1c2,Bc2e3][%mdl 32] The position is equal.} ({Predecessor:} 12. Ng5 Be8 13. Qe2 h6 14. Ngf3 Ba4 15. Ne1 Nf5 16. Bh3 g6 17. f4 h5 18. Ndf3 {0-1 (91) Dutre,W (1540)-Olenik Campa,R (1745) Tornelo INT 2020}) 12... Nec6 13. Nc2 Nb3 14. Nxb3 cxb3 15. Ne3 {aiming for c4.} Na5 16. Re1 {[%cal Oc3c4]} Bb5 {Against c4} 17. Bf1 Bxf1 18. Rxf1 Kb8 19. f4 g6 {Inhibits f5.} 20. Rf2 h5 21. Bd2 Qb6 22. Qe2 Rc8 23. h3 Nc4 24. Nxc4 Rxc4 25. Rbf1 a5 26. Rg2 Qd8 27. Be1 Be7 28. g4 hxg4 29. hxg4 {[%cal Bh3g4,Bg4f5,Bf5f6][%mdl 32]} Bh4 (29... Qf8 {keeps more tension.} 30. f5 gxf5 31. gxf5 Qh6) 30. Bd2 Be7 31. f5 {[#]} (31. Rh2 $11 {remains equal.}) 31... gxf5 $1 $17 32. gxf5 Bh4 $2 {[#]} (32... Rh7 $11) 33. f6 $1 $16 {Threatens to win with Rg7.} Rg8 (33... Rh7 $16) 34. Rf4 $2 (34. Qh5 $18 {[%cal Oh5f7] Hoping for Qxf7!} Rxg2+ 35. Kxg2 Qg8+ 36. Kh1) 34... Rxg2+ $1 $11 35. Qxg2 Qc7 $2 {[%mdl 8192]} 36. Rxh4 $18 {[%cal Bf4h4,Bh4h8,Bh8f8,Bf8e8,Be8e7,Be7f7,Bf7b7,Bb7a7][%mdl 32]} Ra4 37. Rh8+ Ka7 38. Qe2 Qb6 39. Bc1 Qc6 40. Qd3 {Black must now prevent Rf8.} Kb6 41. Rf8 Qc7 42. Re8 Qd7 43. Re7 Qd8 44. Rxf7 {Threatening mate with Qh7.} Qh8 45. Qh7 {White mates.} Qc8 {[#]} 46. Rxb7+ $3 Ka6 (46... Qxb7 47. Qxb7+) 47. Ra7+ {Weighted Error Value: White=0.32/Black=0.29 (precise)} 1-0

[Event "Romanian Team Rapid Open 2022"]
[Site "Sebes"]
[Date "2022.12.03"]
[Round "1.9"]
[White "David, Alexandru-Vasile"]
[Black "Zaim, Marian"]
[Result "1-0"]
[WhiteElo "2404"]
[BlackElo "1935"]
[Annotator "TA"]
[PlyCount "101"]
[EventDate "2022.12.03"]
[EventType "rapid"]
[EventCountry "ROU"]
[SourceTitle "playchess.com"]
[Source "ChessBase"]
[SourceQuality "1"]

{[%evp 11,101,56,77,56,83,77,104,102,127,129,133,131,150,135,154,137,168,154,182,154,179,128,135,135,142,124,125,103,129,114,127,123,142,106,116,120,175,147,162,137,141,112,148,89,133,106,116,107,122,102,115,115,412,128,150,135,151,161,146,147,161,162,153,115,64,0,222,-20,5,-42,0,0,456,463,458,462,552,439,526,428,716,679,1098,1097,2356,2201,2408,1837,29992,29993,29995,29996]} 1. d4 Nf6 2. c4 d6 3. Nc3 Nbd7 4. e4 e5 5. Nf3 c6 6. Be2 g6 7. Be3 {A55: Old Indian Defence with Nf3 and e4.} Bg7 8. d5 c5 9. Nd2 {White is better.} O-O 10. g4 Ne8 11. h4 {[%cal Bh2h4,Bh4h5,Bh5h6][%mdl 32] [#]} Qe7 $146 ({Predecessor:} 11... h6 12. Nf1 Qb6 13. Qd2 Kh7 14. Ng3 Rh8 15. h5 g5 16. Bxg5 hxg5 17. Qxg5 Ndf6 {1-0 (27) Borzsei,A (1855)-Varga,T (2040) Hungary 2021}) 12. Qc2 a6 13. a4 b6 14. h5 g5 15. h6 Bf6 16. Nf1 (16. a5 $18) 16... Kh8 $16 17. Ng3 Rg8 18. a5 bxa5 19. Rxa5 Qd8 20. Ra3 Rb8 21. Nf5 Nf8 {[%cal Bd7f8,Bf8g6,Bg6f4][%mdl 32]} 22. Rb3 Rxb3 23. Qxb3 Qc7 (23... Ng6 $16 24. Kd2 Nf4) 24. Kd2 $18 Ng6 25. Ra1 Nf4 26. f3 Rg6 27. Rh1 ({Better is} 27. Qa4 Qd8 28. Rh1) 27... Bd8 28. Qa3 Qb8 29. Bd1 Nf6 30. Qb3 Qc7 31. Qa4 Ng8 $2 {[%mdl 8192]} (31... Nd7 $16) 32. Bc2 $2 (32. Qe8 $18 {is the precise move to win.}) 32... Qd7 33. Qc6 Ne7 34. Qxd7 {Dancing on a razor blade. White is much more active.} Bxd7 35. Ba4 Bc8 {[#]} 36. Nxd6 $1 {[%mdl 512]} Rxd6 37. Bxc5 Rf6 38. b4 {Black must now prevent d6.} Ng2 $2 (38... Neg6 $11 {and Black has nothing to worry.}) 39. Ke2 $2 (39. d6 $18 Ng6 40. Nd5) 39... Nh4 (39... Ng6 $5 {[%cal Rg2h4]} 40. d6 N6f4+ 41. Kd2 Nh4 $11) 40. Be3 (40. d6 $11 Neg6 41. d7) 40... Nxf3 {[#] Threatens to win with ...Ng6.} (40... Rxf3 {seems wilder.} 41. d6 Neg6 42. c5 Nf4+) 41. d6 $1 Bxg4 $2 {[%mdl 8192]} (41... Nd4+ $11 42. Bxd4 Bxg4+ 43. Ke1 exd4 44. dxe7 Bxe7) 42. dxe7 Bxe7 43. Nd5 {[%csl LRe7,LRf6]} Re6 (43... Nd4+ $2 44. Kd2 $18) 44. Bd7 Nd4+ 45. Kd2 Bxb4+ (45... Bf3 $142 46. Rf1 Rd6 47. Bxd4 (47. Nxe7 Rxd7 48. Nd5 Bxe4 $14) 47... exd4) 46. Nxb4 Nb3+ 47. Kc3 {[%cal Od7e6]} Nd4 48. Bxe6 Nxe6 49. Rg1 Bf3 50. Bxg5 Kg8 51. Be7+ {Weighted Error Value: White=0.35/Black=0.60} 1-0